Player Profile: Eden Hazard - Statistics

General Stats
  • This quiz has been taken 48 times
  • The average score is 6 of 15
Answer Stats
Question Answer % Correct
Where did Eden Hazard start his career? LOSC Lille
95%
What is the highest honour he has been able to achieve with Belgium? World Cup 3rd Place
79%
How many goals did Eden score in the 2019 Europa League Final against Arsenal? 2
63%
In what year did Eden make his move to Chelsea? 2012
63%
How many trophies has Eden won with Chelsea? 6
42%
How did Eden Hazard win the FA Cup for Chelsea against Man United in 2018? Penalty
42%
How Many Goals has Eden scored across his Club Career? 126
37%
How many years in a row did Eden win Belgium Player of the Year? 3
37%
Which team did he score the most goals against? Arsenal
37%
How many goals did he score in his first season at Chelsea? 9
32%
How Many International Tournaments has Eden Hazard played for with Belgium? 5
26%
How many trophies has he won across his whole career? 14
21%
How much did Real Madrid sign him for in 2019? £130 Million
16%
How many individual awards has Eden won? 9
16%
How many Caps does Eden have for Belgium? 126
11%
No matching quizzes found
Score Distribution
Percent of People with Each Score
Percentile by Number Answered
Your Score History
You have not taken this quiz